[Event "CHN-ch Gp-B (Women)"]
[Site "Liaocheng"]
[Date "2024.04.26"]
[Round "11"]
[White "Shao, Qiyu"]
[Black "Ren, Xiaoyi"]
[Result "0-1"]
[WhiteElo "1764"]
[BlackElo "2075"]
[PlyCount "92"]
[EventDate "2024.04.21"]
[EventType "swiss"]
[EventRounds "11"]
[EventCountry "CHN"]
[SourceTitle "CB18_2024"]
[SourceDate "2024.05.01"]
[SourceVersion "1"]
[SourceVersionDate "2024.05.01"]
[SourceQuality "2"]

1. c4 g6 2. Nc3 Bg7 3. d4 Nf6 4. e4 d6 5. Nf3 Bg4 6. Be2 0-0 7. h3 Bxf3 8. Bxf3 Nc6 9. 0-0 e5 10. d5 Nd4 11. Be3 Nd7 12. Nb5 Nxf3+ 13. Qxf3 f5 14. Rac1 f4 15. Bd2 a6 16. Nc3 h5 17. g3 fxg3 18. Qxg3 Kh7 19. Ne2 Nc5 20. f3 a5 21. Be3 Bh6 22. Bxh6 Kxh6 23. f4 Qe7 24. fxe5 Qxe5 25. Qxe5 dxe5 26. Nc3 Nd3 27. Rb1 c6 28. b3 g5 29. Rbd1 Nf4 30. Kh2 Rad8 31. Na4 g4 32. hxg4 hxg4 33. Nc5 Kg5 34. Nxb7 Rd7 35. Nc5 Rh7+ 36. Kg1 Rfh8 37. Ne6+ Kg6 38. Nxf4+ exf4 39. d6 Rh2 40. Rxf4 Rh1+ 41. Kf2 Rxd1 42. Rxg4+ Kh5 43. Rf4 Rxd6 44. Rf5+ Kg4 45. Rxa5 Kf4 46. Ra7 Rd2+ 0-1

[Event "CHN-ch Gp-B (Women)"]
[Site "Liaocheng"]
[Date "2024.04.21"]
[Round "1"]
[White "Ren, Xiaoyi"]
[Black "Wu, Ruoyi"]
[Result "0-1"]
[WhiteElo "2075"]
[BlackElo "1604"]
[PlyCount "88"]
[EventDate "2024.04.21"]
[EventType "swiss"]
[EventRounds "11"]
[EventCountry "CHN"]
[SourceTitle "CB18_2024"]
[SourceDate "2024.05.01"]
[SourceVersion "1"]
[SourceVersionDate "2024.05.01"]
[SourceQuality "2"]

1. e4 c6 2. d4 d5 3. e5 Bf5 4. h4 h6 5. g4 Bh7 6. e6 fxe6 7. Bd3 g6 8. h5 g5 9. f4 gxf4 10. Bxf4 Nd7 11. Nf3 Qb6 12. b3 0-0-0 13. Nc3 Ngf6 14. Bxh7 Rxh7 15. g5 Ne8 16. Qd2 Bg7 17. 0-0-0 Nd6 18. gxh6 Bf6 19. Rhe1 Nf8 20. Kb1 Qb4 21. Qd3 c5 22. Ng5 Bxg5 23. Bxg5 cxd4 24. Qxd4 Qxd4 25. Rxd4 Nf5 26. Rf4 Nxh6 27. Nb5 a6 28. Nd4 Kd7 29. c4 Nf7 30. Bh4 dxc4 31. Ref1 Ke8 32. Nf3 Nd7 33. Rg4 Nf6 34. Rxc4 Rxh5 35. Rc7 Rd7 36. Rc8+ Nd8 37. Bg3 Ne4 38. Bf4 Rf5 39. Bh6 Rd3 40. Rg1 Kd7 41. Ne1 Rh3 42. Rc4 Nd6 43. Bg7 Nxc4 44. bxc4 Rfh5 0-1

[Event "CHN-chT Div A Finals"]
[Site "Nanjing"]
[Date "2023.12.05"]
[Round "4.5"]
[White "Ren, Xiaoyi"]
[Black "Bai, Xue"]
[Result "0-1"]
[WhiteElo "2083"]
[BlackElo "2075"]
[PlyCount "80"]
[EventDate "2023.12.02"]
[EventType "team-tourn"]
[EventRounds "10"]
[EventCountry "CHN"]
[SourceTitle "CB50_2023"]
[SourceDate "2023.12.13"]
[SourceVersion "1"]
[SourceVersionDate "2023.12.13"]
[SourceQuality "1"]
[WhiteTeam "Chengdu"]
[BlackTeam "Zhejiang Shaoxing"]
[WhiteTeamCountry "CHN"]
[BlackTeamCountry "CHN"]

1. d4 d5 2. c4 e6 3. Nc3 Nf6 4. Nf3 Bb4 5. Bg5 h6 6. Bxf6 Qxf6 7. a3 Bxc3+ 8. bxc3 0-0 9. e3 b6 10. cxd5 exd5 11. Be2 Bf5 12. Ne5 Nc6 13. Nd3 Rfe8 14. Nf4 Qd6 15. 0-0 Na5 16. Re1 Rad8 17. Bd3 Bxd3 18. Qxd3 Nc4 19. a4 a5 20. Nh5 Qc6 21. f3 Qg6 22. Qxg6 fxg6 23. Nf4 g5 24. Nd3 Nxe3 25. Kf2 Nc4 26. Ne5 Nxe5 27. dxe5 Kf7 28. g3 Ke6 29. h4 gxh4 30. gxh4 Kf5 31. f4 Kxf4 32. Re3 Kf5 33. Rg1 g5 34. hxg5 hxg5 35. Rge1 Ke6 36. Kg3 Rf8 37. Rd1 Rf4 38. Rh1 Rh4 39. Rf1 Re4 40. Ref3 Kxe5 0-1

[Event "CHN-chT Div A Finals"]
[Site "Nanjing"]
[Date "2023.12.04"]
[Round "3.25"]
[White "Bai, Xue"]
[Black "Ren, Xiaoyi"]
[Result "0-1"]
[WhiteElo "2075"]
[BlackElo "2083"]
[PlyCount "118"]
[EventDate "2023.12.02"]
[EventType "team-tourn"]
[EventRounds "10"]
[EventCountry "CHN"]
[SourceTitle "CB50_2023"]
[SourceDate "2023.12.13"]
[SourceVersion "1"]
[SourceVersionDate "2023.12.13"]
[SourceQuality "1"]
[WhiteTeam "Zhejiang Shaoxing"]
[BlackTeam "Chengdu"]
[WhiteTeamCountry "CHN"]
[BlackTeamCountry "CHN"]

1. e4 e5 2. Nf3 Nc6 3. Bb5 Nf6 4. d3 Bc5 5. c3 d6 6. 0-0 0-0 7. h3 Ne7 8. d4 Bb6 9. dxe5 Nxe4 10. Bd3 d5 11. Qc2 Bf5 12. Nbd2 Ng3 13. Re1 Qd7 14. Nd4 Bxd3 15. Qxd3 Nh5 16. N2f3 Ng6 17. Ng5 c5 18. g4 Nhf4 19. Bxf4 cxd4 20. Bg3 dxc3 21. bxc3 Rac8 22. Red1 Qe7 23. Nf3 Qa3 24. Qxd5 Rxc3 25. Kg2 Rc2 26. Rd2 Rxd2 27. Qxd2 Rd8 28. Qc2 Qc5 29. Qe2 Qc6 30. Kh2 Nf8 31. Nh4 g6 32. Nf3 Ne6 33. Rd1 Rxd1 34. Qxd1 Bc5 35. Qd3 Qa4 36. Qd5 Qc2 37. Ne1 Qc3 38. Nf3 Qb2 39. Nd2 Qd4 40. Qxd4 Bxd4 41. Nb3 Bc3 42. f4 b5 43. Kg2 a5 44. Kf3 a4 45. Nc1 Bd2 46. Nd3 b4 47. Be1 Nd4+ 48. Ke4 Bxe1 49. Kxd4 Bd2 50. Kc4 b3 51. a3 Bc1 52. Kc3 Bxa3 53. Nf2 Bb4+ 54. Kb2 Bc5 55. Nd3 Bd4+ 56. Ka3 Kf8 57. Ne1 Ke7 58. Nf3 Be3 59. Kb2 Bxf4 0-1

[Event "CHN-chT (Women)"]
[Site "Hangzhou"]
[Date "2023.05.24"]
[Round "6.1"]
[White "Ren, Xiaoyi"]
[Black "Zhao, Xinghan"]
[Result "1-0"]
[WhiteElo "2078"]
[BlackElo "1612"]
[PlyCount "95"]
[EventDate "2023.05.19"]
[EventType "team-swiss"]
[EventRounds "9"]
[EventCountry "CHN"]
[SourceTitle "CBM 214 Extra"]
[Source "ChessBase"]
[SourceDate "2023.07.31"]
[SourceVersion "1"]
[SourceVersionDate "2023.07.31"]
[SourceQuality "1"]
[WhiteTeam "Chengdu (W)"]
[BlackTeam "Shandong (W)"]
[WhiteTeamCountry "CHN"]
[BlackTeamCountry "CHN"]

1. d4 d5 2. c4 e6 3. Nf3 Nf6 4. e3 c5 5. cxd5 Nxd5 6. e4 Nb6 7. Nc3 cxd4 8. Nxd4 Be7 9. Bf4 0-0 10. Ndb5 Na6 11. Qb3 Bc5 12. Bg3 Qe7 13. Be2 Bd7 14. 0-0 Bc6 15. a3 Qg5 16. Qa2 Nd7 17. b4 Bb6 18. Nd6 Bd4 19. Rac1 Qf6 20. b5 Bxc3 21. bxc6 Ndc5 22. cxb7 Rad8 23. Bxa6 Nxa6 24. Qc4 e5 25. Qxa6 Rxd6 26. Qxa7 Bd4 27. b8Q Bxa7 28. Qxa7 Ra6 29. Qc5 Re6 30. a4 h5 31. h3 Rfe8 32. a5 g5 33. Rb1 Qg6 34. Qe3 Ra8 35. Rb5 h4 36. Bxe5 g4 37. hxg4 Qxg4 38. Qf4 Qh5 39. Qf5 Qh6 40. Rfb1 Rae8 41. Rb8 h3 42. Rxe8+ Rxe8 43. gxh3 Rf8 44. Rb6 Qc1+ 45. Kh2 Qd2 46. Qg4+ Kh7 47. Qh5+ Kg8 48. Qh8# 1-0

[Event "CHN-ch (Women)"]
[Site "Xinghua"]
[Date "2022.11.04"]
[Round "4"]
[White "Tan, Zhongyi"]
[Black "Ren, Xiaoyi"]
[Result "1-0"]
[WhiteElo "2514"]
[BlackElo "2207"]
[PlyCount "55"]
[EventDate "2022.11.02"]
[EventType "tourn"]
[EventRounds "11"]
[EventCountry "CHN"]
[EventCategory "2"]
[SourceTitle "CBM 211 Extra"]
[Source "ChessBase"]
[SourceDate "2023.01.31"]
[SourceVersion "1"]
[SourceVersionDate "2023.01.31"]
[SourceQuality "1"]

1. d4 d5 2. c4 e6 3. Nc3 c5 4. cxd5 exd5 5. Nf3 Nf6 6. Bg5 Be6 7. e4 Be7 8. e5 Ne4 9. Bxe7 Qxe7 10. Bd3 cxd4 11. Nxe4 dxe4 12. Bxe4 Nc6 13. Bxc6+ bxc6 14. Qxd4 Rd8 15. Qc3 Bd5 16. 0-0 0-0 17. Rfe1 Qe6 18. Nd4 Qd7 19. Rad1 Bxa2 20. e6 fxe6 21. Nxe6 Qxe6 22. Rxd8 Qxe1+ 23. Qxe1 Rxd8 24. h4 Bd5 25. Qe7 Rb8 26. b4 g6 27. h5 gxh5 28. Qg5+ 1-0

[Event "CHN-ch (Women)"]
[Site "Xinghua"]
[Date "2022.11.03"]
[Round "2"]
[White "Ren, Xiaoyi"]
[Black "Zhai, Mo"]
[Result "0-1"]
[WhiteElo "2207"]
[BlackElo "2371"]
[PlyCount "64"]
[EventDate "2022.11.02"]
[EventType "tourn"]
[EventRounds "11"]
[EventCountry "CHN"]
[EventCategory "2"]
[SourceTitle "CBM 211 Extra"]
[Source "ChessBase"]
[SourceDate "2023.01.31"]
[SourceVersion "1"]
[SourceVersionDate "2023.01.31"]
[SourceQuality "1"]

1. e4 e5 2. Nc3 Nc6 3. Nf3 Nf6 4. Bb5 Nd4 5. Ba4 c6 6. Nxe5 Qe7 7. Nf3 Nxf3+ 8. Qxf3 b5 9. Bb3 b4 10. Na4 Qxe4+ 11. Qxe4+ Nxe4 12. 0-0 d5 13. Re1 Be6 14. d4 Bd6 15. f3 Nf6 16. Nc5 Ke7 17. a3 bxa3 18. Rxa3 Rhb8 19. Be3 a5 20. Rea1 Rb5 21. Ba4 Rxb2 22. Bb3 Nd7 23. Bg5+ Ke8 24. Be3 Nxc5 25. dxc5 Be5 26. Rxa5 Rxa5 27. Rxa5 d4 28. Bg5 Bxb3 29. Ra8+ Kd7 30. cxb3 f6 31. Ra7+ Ke6 32. f4 d3 0-1

[Event "CHN-ch (Women)"]
[Site "Xinghua"]
[Date "2022.11.03"]
[Round "3"]
[White "Xiao, Yiyi"]
[Black "Ren, Xiaoyi"]
[Result "1/2-1/2"]
[WhiteElo "2326"]
[BlackElo "2207"]
[PlyCount "147"]
[EventDate "2022.11.02"]
[EventType "tourn"]
[EventRounds "11"]
[EventCountry "CHN"]
[EventCategory "2"]
[SourceTitle "CBM 211 Extra"]
[Source "ChessBase"]
[SourceDate "2023.01.31"]
[SourceVersion "1"]
[SourceVersionDate "2023.01.31"]
[SourceQuality "1"]

1. d4 d5 2. Nf3 c5 3. g3 cxd4 4. Bg2 Nf6 5. 0-0 Bg4 6. Nxd4 e5 7. Nb3 Nc6 8. Bg5 Be7 9. Bxf6 Bxf6 10. h3 Be6 11. Nc3 e4 12. Qd2 Ne5 13. Rad1 Nc4 14. Qc1 Bxc3 15. bxc3 Qc7 16. Nd4 0-0 17. Qg5 h6 18. Qh5 Rac8 19. Kh2 Qe5 20. Qxe5 Nxe5 21. f3 exf3 22. exf3 Rxc3 23. f4 Nc6 24. Rf2 Nxd4 25. Rxd4 Rfc8 26. f5 Bd7 27. Rxd5 Bc6 28. Rdd2 Bxg2 29. Rxg2 b5 30. h4 h5 31. Rge2 Ra3 32. c3 Raxc3 33. Rd7 Rc2 34. Rdd2 Rxd2 35. Rxd2 Kf8 36. f6 gxf6 37. Kh3 Rc5 38. Rd8+ Kg7 39. Ra8 f5 40. Rxa7 f4 41. gxf4 Kg6 42. Ra3 Kf5 43. Kg3 b4 44. Ra7 Rc3+ 45. Kg2 f6 46. Rb7 Kg4 47. Rxb4 Rc2+ 48. Kg1 Rxa2 49. f5+ Kxf5 50. Rc4 Re2 51. Ra4 Re4 52. Ra6 Rxh4 53. Ra5+ Kg6 54. Kg2 Rb4 55. Kg3 h4+ 56. Kh3 f5 57. Ra8 Kg5 58. Rg8+ Kf4 59. Kxh4 Kf3+ 60. Kh3 f4 61. Ra8 Rb3 62. Kh2 Rd3 63. Rf8 Rd1 64. Rf7 Re1 65. Rf8 Rf1 66. Ra8 Re1 67. Rf8 Re4 68. Kg1 Ke2 69. Kg2 Ke3 70. Ra8 Re6 71. Ra3+ Ke4 72. Kf2 Rb6 73. Ra4+ Kf5 74. Ra8 1/2-1/2

[Event "CHN-chT Div-A"]
[Site "Fuling"]
[Date "2022.09.15"]
[Round "8.2"]
[White "Zhao, Shengxin"]
[Black "Ren, Xiaoyi"]
[Result "1/2-1/2"]
[WhiteElo "2112"]
[BlackElo "2250"]
[PlyCount "49"]
[EventDate "2022.09.06"]
[EventType "team-tourn"]
[EventRounds "11"]
[EventCountry "CHN"]
[SourceTitle "CBM 210 Extra"]
[Source "ChessBase"]
[SourceDate "2022.11.30"]
[SourceVersion "1"]
[SourceVersionDate "2022.11.30"]
[SourceQuality "1"]
[WhiteTeam "Hangzhou Zhenjiang"]
[BlackTeam "Chengdu"]
[WhiteTeamCountry "CHN"]
[BlackTeamCountry "CHN"]

1. d4 d5 2. c4 e6 3. Nf3 Nf6 4. g3 Bb4+ 5. Bd2 Be7 6. Bg2 0-0 7. 0-0 Nbd7 8. Qc2 c6 9. Bf4 b6 10. Rd1 Bb7 11. Nc3 dxc4 12. Nd2 Nd5 13. Nxc4 Nxf4 14. gxf4 Qc7 15. e3 Rfd8 16. Rac1 Rac8 17. a3 a5 18. Qe4 Ba6 19. Ne5 Nxe5 20. fxe5 Bc4 21. Qg4 Bb3 22. Rd3 Bc4 23. Rdd1 Bb3 24. Rd3 Bc4 25. Rdd1 1/2-1/2

[Event "CHN-chT Div-A Rapid"]
[Site "Fuling"]
[Date "2022.09.12"]
[Round "6.3"]
[White "Ren, Xiaoyi"]
[Black "Zhai, Mo"]
[Result "1/2-1/2"]
[WhiteElo "2250"]
[BlackElo "2374"]
[PlyCount "55"]
[EventDate "2022.09.06"]
[EventType "team-tourn (rapid)"]
[EventRounds "11"]
[EventCountry "CHN"]
[SourceTitle "CBM 210 Extra"]
[Source "ChessBase"]
[SourceDate "2022.11.30"]
[SourceVersion "1"]
[SourceVersionDate "2022.11.30"]
[SourceQuality "1"]
[WhiteTeam "Chengdu"]
[BlackTeam "Hangzhou Bank"]
[WhiteTeamCountry "CHN"]
[BlackTeamCountry "CHN"]

1. e4 e5 2. Nf3 Nc6 3. Bb5 Nf6 4. 0-0 Nxe4 5. d4 Nd6 6. Bxc6 dxc6 7. dxe5 Nf5 8. Qxd8+ Kxd8 9. Nc3 Ke8 10. Rd1 Ne7 11. h3 Ng6 12. Ne2 Be7 13. a4 Be6 14. Be3 a6 15. Nfd4 Nxe5 16. Nxe6 fxe6 17. Bd4 Bf6 18. Nf4 Kf7 19. Re1 Nf3+ 20. gxf3 Bxd4 21. Rad1 e5 22. c3 Bxc3 23. bxc3 exf4 24. Rd7+ Kf6 25. Rde7 Rhf8 26. R1e6+ Kf5 27. Re5+ Kf6 28. R5e6+ 1/2-1/2

[Event "CHN-chT Div-A"]
[Site "Fuling"]
[Date "2022.09.12"]
[Round "6.3"]
[White "Zhai, Mo"]
[Black "Ren, Xiaoyi"]
[Result "1-0"]
[WhiteElo "2374"]
[BlackElo "2250"]
[PlyCount "115"]
[EventDate "2022.09.06"]
[EventType "team-tourn"]
[EventRounds "11"]
[EventCountry "CHN"]
[SourceTitle "CBM 210 Extra"]
[Source "ChessBase"]
[SourceDate "2022.11.30"]
[SourceVersion "1"]
[SourceVersionDate "2022.11.30"]
[SourceQuality "1"]
[WhiteTeam "Hangzhou Bank"]
[BlackTeam "Chengdu"]
[WhiteTeamCountry "CHN"]
[BlackTeamCountry "CHN"]

1. d4 d5 2. c4 c6 3. Nf3 e6 4. e3 f5 5. Ne5 Nf6 6. Be2 Bd6 7. Nc3 0-0 8. 0-0 Nbd7 9. f4 Ne4 10. Nxe4 fxe4 11. Bd2 Nxe5 12. fxe5 Rxf1+ 13. Qxf1 Be7 14. b4 Bd7 15. a4 Bg5 16. Rb1 Qe7 17. g3 Rf8 18. Qg2 a6 19. c5 Be8 20. h4 Bh6 21. Qh3 g6 22. Kg2 Bd7 23. Qh1 Kh8 24. Qe1 g5 25. h5 g4 26. Bxg4 Qg5 27. Kh3 Be8 28. Qe2 Rg8 29. Rg1 Bf7 30. Rg2 Bf8 31. Qd1 Be7 32. Rg1 Qh6 33. Be2 Bg5 34. g4 Bxe3 35. Bxe3 Qxe3+ 36. Rg3 Qg5 37. Qg1 Be8 38. Qe3 Qxe3 39. Rxe3 h6 40. Rb3 Rf8 41. Kg3 Kg7 42. b5 axb5 43. axb5 cxb5 44. Bxb5 Bc6 45. Bxc6 bxc6 46. Rb6 Rf3+ 47. Kg2 Rf4 48. Rxc6 e3 49. Ra6 Rxd4 50. Kf3 Re4 51. Ra7+ Kf8 52. c6 e2 53. c7 e1N+ 54. Kg3 Rc4 55. Ra8+ Ke7 56. c8Q Rxc8 57. Rxc8 Nd3 58. g5 1-0

[Event "CHN-chT Div-A Rapid"]
[Site "Fuling"]
[Date "2022.09.11"]
[Round "5.4"]
[White "Huang, Qian"]
[Black "Ren, Xiaoyi"]
[Result "1-0"]
[WhiteElo "2433"]
[BlackElo "2250"]
[PlyCount "119"]
[EventDate "2022.09.06"]
[EventType "team-tourn (rapid)"]
[EventRounds "11"]
[EventCountry "CHN"]
[SourceTitle "CBM 210 Extra"]
[Source "ChessBase"]
[SourceDate "2022.11.30"]
[SourceVersion "1"]
[SourceVersionDate "2022.11.30"]
[SourceQuality "1"]
[WhiteTeam "Chongqing Ticai"]
[BlackTeam "Chengdu"]
[WhiteTeamCountry "CHN"]
[BlackTeamCountry "CHN"]

1. c4 Nf6 2. g3 c6 3. Bg2 d5 4. Nf3 g6 5. b3 Bg7 6. Bb2 0-0 7. 0-0 a5 8. Nc3 a4 9. Nxa4 b5 10. cxb5 cxb5 11. Nc5 Nc6 12. a3 Re8 13. Ne5 Qb6 14. Nxc6 Qxc5 15. Nb4 Bf5 16. Rc1 Qd6 17. Rc6 Qd7 18. Bxf6 Bxf6 19. Nxd5 Bh3 20. Nb6 Qb7 21. Bxh3 Qxc6 22. Nxa8 Qxa8 23. a4 bxa4 24. bxa4 h5 25. d4 h4 26. e3 hxg3 27. hxg3 Kg7 28. Bg2 Qa5 29. Qb3 Rc8 30. Qb5 Qd2 31. a5 Rc2 32. a6 Ra2 33. Qb6 Bg5 34. Qc5 Qa5 35. Qxa5 Rxa5 36. Bb7 e6 37. Rc1 Bd8 38. Kg2 Kf6 39. Kf3 Ke7 40. Rc2 Bb6 41. g4 g5 42. Rc6 Bd8 43. Rc5 Ra2 44. Rxg5 Kd6 45. Rc5 Bh4 46. Rc8 Rxf2+ 47. Ke4 f5+ 48. gxf5 exf5+ 49. Kd3 Ra2 50. Rc6+ Kd7 51. Rc5 Ra3+ 52. Rc3 Ra2 53. Kc4 Be1 54. Rb3 Kc7 55. Kd5 Ra5+ 56. Ke6 Bd2 57. d5 f4 58. d6+ Kd8 59. Bc6 Kc8 60. Bd7+ 1-0